000
00337nam a22001457a 4500
041
_a
ENG
100
_a
Robinson A
245
_a
The Princeton Erviev Cracking The Lsat
250
_a
2001 Ed
260
_a
New York
_b
Aandom House
_c
2001
300
_a
394
650
_a
Competitive Exam
700
_a
Tallia.R
856
_u
Competitive Exam
999
_c
559
_d
559